Reflective teaching in early education
Saved in:
| Main Author: | |
|---|---|
| Format: | Book |
| Language: | English |
| Published: |
Bloomsbury
2015
|
| Tags: |
Add Tag
No Tags, Be the first to tag this record!
|
MARC
| LEADER | 00000nam a22000007a 4500 | ||
|---|---|---|---|
| 008 | 230117b |||||||| |||| 00| 0 eng d | ||
| 020 | |a 9781441172044 | ||
| 100 | |a COLWELL, Jennifer | ||
| 245 | |a Reflective teaching in early education |c Jennifer Colwell ; with Helen Beaumont... (et al.) |e Reflective teaching series |g xii, 460p;ill | ||
| 260 | |b Bloomsbury |c 2015 |h London |i 699762 |i 699763 |l LB1025.3..C67 |m Reflective teaching |m Early childhood education | ||
| 500 | |a Includes bibliographical references and index. | ||
| 942 | |a lcc |c BK |e Johnson |f 17/01/23 | ||
| 952 | |0 0 |1 0 |2 lcc |4 0 |7 0 |9 4160 |a ED |b HOL |c LP |d 2023-01-17 |l 0 |o LB1025.3..C67 |p 2023-0090 |r 2023-01-17 00:00:00 |t 699762 |w 2023-01-17 |y BK | ||
| 952 | |0 0 |1 0 |2 lcc |4 0 |7 0 |9 4161 |a HOL |b HOL |c LP |d 2023-01-17 |l 0 |o LB1025.3..C67 |p 2023-0091 |r 2023-01-17 00:00:00 |t 699763 |w 2023-01-17 |y BK | ||
| 999 | |c 2084 |d 2084 | ||